Astronomical symbols on ancient and medieval coins (Record no. 17032)

MARC details
000 -LEADER
fixed length control field 00651nam a2200205Ia 4500
003 - CONTROL NUMBER IDENTIFIER
control field IN-BaIIA
008 - FIXED-LENGTH DATA ELEMENTS--GENERAL INFORMATION
fixed length control field 211028s9999 xx 000 0 eng d
020 ## - INTERNATIONAL STANDARD BOOK NUMBER
International Standard Book Number 978-0-7864-3178-6
040 ## - CATALOGING SOURCE
Transcribing agency IIA Library
080 ## - UNIVERSAL DECIMAL CLASSIFICATION NUMBER
Universal Decimal Classification number 52:737.1
Item number FAI
100 ## - MAIN ENTRY--PERSONAL NAME
Personal name Faintich, Marshall
9 (RLIN) 32005
245 #0 - TITLE STATEMENT
Title Astronomical symbols on ancient and medieval coins
Statement of responsibility, etc. Marshall Faintich
260 ## - PUBLICATION, DISTRIBUTION, ETC.
Place of publication, distribution, etc. London
Name of publisher, distributor, etc. McFarland
Date of publication, distribution, etc. 2008
300 ## - PHYSICAL DESCRIPTION
Extent vi, 225p.
650 ## - SUBJECT ADDED ENTRY--TOPICAL TERM
Topical term or geographic name entry element Astronomy in numismatics
9 (RLIN) 32006
650 ## - SUBJECT ADDED ENTRY--TOPICAL TERM
Topical term or geographic name entry element Coins, ancient
9 (RLIN) 32007
650 ## - SUBJECT ADDED ENTRY--TOPICAL TERM
Topical term or geographic name entry element Numismatics, ancient
9 (RLIN) 32008
650 ## - SUBJECT ADDED ENTRY--TOPICAL TERM
Topical term or geographic name entry element Numismatics, medieval
9 (RLIN) 32009
942 ## - ADDED ENTRY ELEMENTS (KOHA)
Koha item type Books
Holdings
Withdrawn status Lost status Damaged status Not for loan Home library Current library Shelving location Date acquired Source of acquisition Total Checkouts Full call number Barcode Date last seen Price effective from Koha item type Purchase Price
        IIA Library-Bangalore IIA Library-Bangalore General Stacks 01/09/2008 BLA   52:737.1/ FAI 17954 05/11/2021 01/09/2008 Books £ 37.50

Powered by Koha